Jimi Hendrix Songs - Sudden Death - Statistics

General Stats
  • This quiz has been taken 122 times
  • The average score is 13 of 20
Answers on the Grid
Answers color-coded by a green-red scale on the quiz's grid according to % correct below.
Black Magic Woman
Spanish Castle Magic
Manic Depression
Layla
Ezy Rider
Woodstock
Voodoo Chile
Georgia Blues
The Wind Cries Mary
All Along the Watchtower
Foxey Lady
White Rabbit
Freedom
Down on the Corner
Little Wing
Purple Haze
Bold as Love
Burning of the Midnight Lamp
Baba O'Riley
If 6 Was 9
Truckin'
Hear My Train a Comin'
Comfortably Numb
Pali Gap
Castles Made of Sand
Dolly Dagger
Shake It Off
Hey Jude
Moby Dick
Still Raining, Still Dreaming
 
Answer Stats
Answer % Correct
Purple Haze
92%
All Along the Watchtower
90%
Foxey Lady
87%
Voodoo Chile
86%
The Wind Cries Mary
84%
Little Wing
78%
Castles Made of Sand
77%
Manic Depression
76%
Spanish Castle Magic
75%
Bold as Love
72%
If 6 Was 9
69%
Burning of the Midnight Lamp
61%
Still Raining, Still Dreaming
61%
Freedom
54%
Hear My Train a Comin'
54%
Ezy Rider
53%
Dolly Dagger
46%
Georgia Blues
42%
Woodstock
39%
Pali Gap
36%
No matching quizzes found
Score Distribution
Percent of People with Each Score
Percentile by Number Answered
Your Score History
You have not taken this quiz